000 011290000a22002050004500
501 _arústico
001 19798
020 _a978-968-16-0413-4
082 0 4 _aG 280.4097 B3261d
100 1 _aBastian, Jean-Pierre
245 1 0 _aLos disidentes : sociedades protestantes y revolución en México, 1872-1911 / Jean-Pierre Bastian
260 _aMéxico : Fondo de cultura económica
300 _a373 pág 373 páginas
505 0 0 _aLiberalismo y disidencia religiosa, 1857-1877 -- Sociedades protestantes y anticatolicismo liberal, 1872-1877 -- Expansión y difusión de las sociedades protestantes, 1877-1911 -- Una pedagogía liberal y protestante -- La oposición protestante a la política de conciliación, 1877-1900 -- Las sociedades protestantes entre el magonismo y el maderismo, 1900-1910 -- Los protestantes en la revolución maderista, 1910-1911
650 1 4 _aProtestantes - México \ Iglesias protestantes \ Actividad política - Protestantes \ Revolución (México : 1910-1920)
942 _cBK
999 _c46159
_d46159
336 _atexto
_btxt
_2rdacontent
337 _2rdamedia
_asin mediación
_bn
338 _2rdacarrier
_avolumen
_bnc